Barrages, Engineering Design & Environmental Impacts : (Record no. 10376)
[ view plain ]
| 000 -LEADER | |
|---|---|
| fixed length control field | 01718cam a2200361 a 4500 |
| 090 ## - LOCALLY ASSIGNED LC-TYPE CALL NUMBER (OCLC); LOCAL CALL NUMBER (OCLC) | |
| -- | 0 |
| 001 - CONTROL NUMBER | |
| control field | 1175495 |
| 005 - DATE AND TIME OF LATEST TRANSACTION | |
| control field | 20030910205045.0 |
| 008 - FIXED-LENGTH DATA ELEMENTS--GENERAL INFORMATION | |
| fixed length control field | 961107s1996 enka b 100 0 eng |
| 010 ## - LIBRARY OF CONGRESS CONTROL NUMBER | |
| LC control number | 96218095 |
| 020 ## - INTERNATIONAL STANDARD BOOK NUMBER | |
| International Standard Book Number | 0471968579 |
| 040 ## - CATALOGING SOURCE | |
| Original cataloging agency | DLC |
| Transcribing agency | DLC |
| Modifying agency | DLC |
| 043 ## - GEOGRAPHIC AREA CODE | |
| Geographic area code | e-uk-wl |
| 050 00 - LIBRARY OF CONGRESS CALL NUMBER | |
| Classification number | TC540 |
| Item number | .B3 1996 |
| 082 00 - DEWEY DECIMAL CLASSIFICATION NUMBER | |
| Classification number | 627.123 |
| Edition number | 21 |
| Item number | BAR |
| 245 00 - TITLE STATEMENT | |
| Title | Barrages, Engineering Design & Environmental Impacts : |
| Remainder of title | international conference, 10-13 September 1996, Cardiff, UK / |
| Statement of responsibility, etc | edited by Neville Burt and Jacqueline Watts. |
| 246 3# - VARYING FORM OF TITLE | |
| Title proper/short title | Barrages, engineering design and environmental impacts |
| 260 ## - PUBLICATION, DISTRIBUTION, ETC. (IMPRINT) | |
| Place of publication, distribution, etc | Chichester ; |
| -- | New York : |
| Name of publisher, distributor, etc | John Wiley & Sons, |
| Date of publication, distribution, etc | c1996. |
| 300 ## - PHYSICAL DESCRIPTION | |
| Extent | xi, 504 p. : |
| Other physical details | ill. ; |
| Dimensions | 25 cm. |
| 500 ## - GENERAL NOTE | |
| General note | "International Conference on Barrages: Engineering Design & Environmental Impacts, 10-13 September 1996, Cardiff, UK"--P. v. |
| 504 ## - BIBLIOGRAPHY, ETC. NOTE | |
| Bibliography, etc | Includes bibliographical references. |
| 650 #0 - SUBJECT ADDED ENTRY--TOPICAL TERM | |
| Topical term or geographic name as entry element | Barrages |
| General subdivision | Design and construction |
| -- | Congresses. |
| 650 #0 - SUBJECT ADDED ENTRY--TOPICAL TERM | |
| Topical term or geographic name as entry element | Barrages |
| General subdivision | Environmental aspects |
| Geographic subdivision | Congresses. |
| 650 #0 - SUBJECT ADDED ENTRY--TOPICAL TERM | |
| Topical term or geographic name as entry element | Barrages |
| Geographic subdivision | Wales |
| -- | Cardiff |
| General subdivision | Congresses. |
| 700 1# - ADDED ENTRY--PERSONAL NAME | |
| Personal name | Burt, Neville. |
| 700 1# - ADDED ENTRY--PERSONAL NAME | |
| Personal name | Watts, Jacqueline. |
| 711 2# - ADDED ENTRY--MEETING NAME | |
| Meeting name or jurisdiction name as entry element | International Conference on Barrages: Engineering Design & Environmental Impacts |
| Date of meeting | (1996 : |
| Location of meeting | CArdiff, Wales) |
| 856 42 - ELECTRONIC LOCATION AND ACCESS | |
| Materials specified | Publisher description |
| Uniform Resource Identifier | <a href="http://www.loc.gov/catdir/description/wiley033/96218095.html">http://www.loc.gov/catdir/description/wiley033/96218095.html</a> |
| 856 4# - ELECTRONIC LOCATION AND ACCESS | |
| Materials specified | Table of Contents |
| Uniform Resource Identifier | <a href="http://www.loc.gov/catdir/toc/onix04/96218095.html">http://www.loc.gov/catdir/toc/onix04/96218095.html</a> |
| 942 ## - ADDED ENTRY ELEMENTS (KOHA) | |
| Source of classification or shelving scheme | Dewey Decimal Classification |
| Item type | Book - Borrowing |
| Withdrawn status | Item status | Source of classification or shelving scheme | Damaged status | Not for loan | Vendor | Home library | Current library | Shelving location | Date acquired | Source of acquisition | Cost, normal purchase price | Serial Enumeration / chronology | Total Checkouts | Total Renewals | Full call number | Barcode | Date last seen | Date last borrowed | Koha item type |
|---|---|---|---|---|---|---|---|---|---|---|---|---|---|---|---|---|---|---|---|
| Dewey Decimal Classification | Alahram | Central Library | Central Library | First floor | 24/01/2009 | 572.00 | 6389 | 1 | 3 | 627.123 BAR | 000015050 | 15/07/2025 | 25/09/2016 | Book - Borrowing |